Normal view
MARC view
- االعرب- تاريخ ، العرب تقاليد الزواج
Entry Topical Term
001 - CONTROL NUMBER
- control field: 20543
003 - CONTROL NUMBER IDENTIFIER
- control field: JO-AjAnu
005 - DATE AND TIME OF LATEST TRANSACTION
- control field: 20230606073555.0
008 - FIXED-LENGTH DATA ELEMENTS
- fixed length control field: 230606|| aca||aabn | a|a d
040 ## - CATALOGING SOURCE
- Original cataloging agency: JO-AjAnu
- Transcribing agency: JO-AjAnu
150 ## - HEADING--TOPICAL TERM
- Topical term or geographic name entry element: االعرب- تاريخ ، العرب تقاليد الزواج
670 ## - SOURCE DATA FOUND
- Source citation: Work cat.: (JO-AjAnu)10548: السعيدي، سمير, author 20542, اصل العائلة العربية وانواع الزواج القديمة عند العرب